Elenca la formazione - Quiz n°216 - Statistics

Statistiche generali
  • Questo quiz è stato fatto 35 volte
  • Il punteggio medio è 7 su 11
Statistiche sulle risposte
Ruolo Nazione Calciatore % Corretto
Attaccante Francia / Gabon Pierre-Emerick Aubameyang
100%
Portiere Argentina Emiliano Martínez
94%
Centrocampista Svizzera Granit Xhaka
94%
Difensore Scozia Kieran Tierney
74%
Centrocampista Egitto Mohamed Elneny
74%
Attaccante Inghilterra Bukayo Saka
71%
Centrocampista Spagna Héctor Bellerín
52%
Difensore Brasile David Luiz
48%
Attaccante Inghilterra Eddie Nketiah
35%
Difensore Inghilterra Rob Holding
35%
Centrocampista Inghilterra Ainsley Maitland-Niles
23%
Nessun quiz corrispondente trovato
Distribuzione punteggi
Percentuale di utenti per punteggio
Percentile per numero di risposta
I tuoi punteggi nel tempo
Non hai fatto questo quiz